Catálogo público

(Record no. 180688)

MARC details
000 -CABECERA
campo de control de longitud fija 00925nam a2200253Ia 4500
001 - NÚMERO DE CONTROL
campo de control IA_Murray R. Spiegel ; traducción Orlando Guerrero Ribero
008 - DATOS DE LONGITUD FIJA--INFORMACIÓN GENERAL
campo de control de longitud fija 220117s DE xx 000 0 und d
010 ## - NÚMERO DE CONTROL DE LA BIBLIOTECA DEL CONGRESO
Número de control de LC 180688
260 ## - PUBLICACIÓN, DISTRIBUCIÓN, ETC.
Lugar de publicación, distribución, etc. México :
Nombre del editor, distribuidor, etc. McGraw-Hill,
Fecha de publicación, distribución, etc. DE
300 ## - DESCRIPCIÓN FÍSICA
Extensión 271 p.
440 ## - MENCIÓN DE SERIE/PUNTO DE ACCESO ADICIONAL--TÍTULO
Título Schaum
9 (RLIN) 102914
500 ## - NOTA GENERAL
Nota general Título original: Schaum's outline of mathematical handbook of formulas and tables
503 ## - NOTA DE HISTORIA BIBLIOGRÁFICA (BK CF MU) [OBSOLETO]
Nota de historia bibliográfica D.
590 ## - NOTA LOCAL (RLIN)
Nota local QA41 S65 1991
650 ## - PUNTO DE ACCESO ADICIONAL DE MATERIA--TÉRMINO DE MATERIA
Término de materia o nombre geográfico como elemento de entrada Matemáticas
Subdivisión general Fórmulas
-- Manuales
9 (RLIN) 150454
650 ## - PUNTO DE ACCESO ADICIONAL DE MATERIA--TÉRMINO DE MATERIA
Término de materia o nombre geográfico como elemento de entrada Matemáticas
Subdivisión general Tablas
-- Manuales
9 (RLIN) 150455
650 ## - PUNTO DE ACCESO ADICIONAL DE MATERIA--TÉRMINO DE MATERIA
Término de materia o nombre geográfico como elemento de entrada Mathematics
Subdivisión general Formulas
-- Manuals, text
-- books, etc.
9 (RLIN) 150456
650 ## - PUNTO DE ACCESO ADICIONAL DE MATERIA--TÉRMINO DE MATERIA
Término de materia o nombre geográfico como elemento de entrada Mathematics
Subdivisión general Tables
-- Manuals, text
-- books, etc.
9 (RLIN) 150457
700 ## - PUNTO DE ACCESO ADICIONAL--NOMBRE DE PERSONA
Nombre de persona Guerrero Ribero, Orlando, tr.
9 (RLIN) 150458
904 ## - ELEMENTOS DE DATOS D LOCAL, LDD (RLIN)
a DE
942 ## - ELEMENTOS DE PUNTO DE ACCESO ADICIONAL (KOHA)
Tipo de ítem Koha

No items available.